004960000a220009700045001000028000002450038000283000032000665200276000986500015003747730009003891 aVasconcelos, Gláucia.10aEcumenismo primo: onde a vida une ano.30 (dic., 2009), p. 3-13 a"Las aguas del bautismo nos atraen más y más profundamente al conocimiento de que somos cada uno de nosotros y cada una de nuestras iglesias más que una sola gota: sabemos que las gotas se necesitan para formar el río de la vida que hace todo fresco y nuevo. "14aECUMENISMO0 tTEAR